Normal view
MARC view
- Intelligence service
Entry Topical Term
001 - CONTROL NUMBER
- control field: 109440
003 - CONTROL NUMBER IDENTIFIER
- control field: NUST
005 - DATE AND TIME OF LATEST TRANSACTION
- control field: 20230222103240.0
008 - FIXED-LENGTH DATA ELEMENTS
- fixed length control field: 230222|| aca||aabn | a|a d
040 ## - CATALOGING SOURCE
- Original cataloging agency: NUST
- Transcribing agency: NUST
150 ## - HEADING--TOPICAL TERM
- Topical term or geographic name entry element: Intelligence service
- Geographic subdivision: Israel
670 ## - SOURCE DATA FOUND
- Source citation: Work cat.: (NUST)0: Halevy, Efraim, 1934- 109437, Man in the shadows :, 2006.
